LEADER 01138nam a2200265 i 4500 001 000000165923 003 CaOOAMICUS 005 20071031000000.0 008 071031s2007 it u000 u ita u 013 $a143291 020 $a978-88-514-0511-3 040 $aSeMil$bita 245 10$aPresbiterio č comunione :$briflessioni teologiche e pastorali /$cAntonio Torresin (ed.) 260 $aMilano :$bĀncora,$ccopyr. 2007. 300 $a200 p. ;$c19 cm. 490 0 $aStrumenti per il lavoro pastorale ;$v[29.] 650 4$aPresbiterato.$0(OLS)http://semarc/subject/2315 700 1 $aTorresin, Antonio.$0(OLS)http://semarc/name/49934 830 0$aStrumenti per il lavoro pastorale ;$v[29.].$0(OLS)http://semarc/title/7227 850 $aSeMil 852 $aSeMil$W1$xVenegono$y1$m2F I 361$j117094$B117094$CSeMilBibl$Z2$F128417 $81 961 $aOmaggio: Pontiggia don Virginio 996 $6020$a978-88-514-0511-3$9(OLS)http://semarc/number/152359 996 $6245$aPresbiterio č comunione :$briflessioni teologiche e pastorali$9(OLS)http://semarc/title/236952 996 $6260$aMilano :$bĀncora$9(OLS)http://semarc/publisher/29763 LEADER 01421nam a2200325 i 4500 001 000000222792 003 CaOOAMICUS 005 20130925000000.0 008 130925s2010 it u000 u ita u 013 $a201689 020 $a978-88-6081-750-1 040 $aSeMil$bita 245 10$aMetafisica, persona, cristianesimo :$bscritti in onore di Vittorio Possenti /$cGiuseppe Goisis, Marco Ivaldo, Gaspare Mura (a cura di) 260 $aRoma :$bArmando,$c2010. 300 $a602 p. ;$c24 cm. 490 0 $aScaffale aperto ;$v. 500 $aFondo card. C. M. Martini. 650 4$aFilosofia - Saggi.$0(OLS)http://semarc/subject/3236 700 1 $aPossenti, Vittorio,$d<1938- >.$0(OLS)http://semarc/name/3865 700 1 $aMura, Gaspare,$d<1937- >.$0(OLS)http://semarc/name/106 700 1 $aIvaldo, Marco.$0(OLS)http://semarc/name/3573 700 1 $aGoisis, Giuseppe L.$0(OLS)http://semarc/name/56808 830 0$aScaffale aperto ;$v.$0(OLS)http://semarc/title/6049 850 $aSeMil 852 $aSeMil$W1$xVenegono$y1$m2P VI 471$j173138$B173138$CSeMilBibl$Z2$F185663 $81 941 1 $a4 961 $aLascito: Martini Card. Carlo Maria 996 $6020$a978-88-6081-750-1$9(OLS)http://semarc/number/222464 996 $6245$aMetafisica, persona, cristianesimo :$bscritti in onore di Vittorio Possenti$9(OLS)http://semarc/title/319455 996 $6260$aRoma :$bArmando$9(OLS)http://semarc/publisher/29857